| 000 | 00488nam a2200169Ia 4500 | ||
|---|---|---|---|
| 003 | OSt | ||
| 005 | 20200916100310.0 | ||
| 008 | 190216s9999||||xx |||||||||||||| ||und|| | ||
| 040 | _coclc | ||
| 082 |
_a892.75 _bVAN/A |
||
| 100 |
_aVanimel, Moideu Master _94610 |
||
| 245 | 0 |
_aArabi Prasangangal / _cMoideu Master Vanimel |
|
| 260 |
_bSharafee Publications, _c2011. _aKoduvally: |
||
| 300 | _a40p | ||
| 650 | _aArabic | ||
| 942 |
_cBK _2ddc _h892.75 _iVAN/A _k892.75 _mVAN/A |
||
| 999 |
_c881 _d881 |
||